00489nam a22001577a 450000500170000001000130001702000260003003500130005603700180006908200160008710000230010324500640012626000450019027000590023530000370029420181025152301.0 aB-710709 a9780195473544c595.00 aB-701709 bPulisheradpl a954.9105092 aKhan, Gohar Ayub,  aGlimpses into the corridors of power /cby Gohar Ayub Khan  aNew DelhibOxford University Pressc2007 aAmeena Saiyi, Oxford University Press bKarachie74900 aviii, 354p. :c24cm (Hb)bphotos